00491nam a22001697a 450000500170000001000130001702000130003003500130004303700160005608200080007210000320008024500530011224600470016526000410021227000450025330000230029820200205154703.0 aA-688449 c80.00a- aA-688449 bDBAD/PUBa- a841 aمتر سنگھ آ شنا aغز ل آ شناcمتر سنگھ آ شنا bGhazal Ashna (Urdu)aby Mitr Singh Ashna  aN.DelhibAsian Publicationsc1993 ء aE-159,Greater Kailash1bN.Delhie-k-l- a156 ص c22 Cm(Hb)